00326nam a2200145Ia 450000100060000000300070000600800410001304000110005424500330006524500360009826000100013426000090014430000140015365300130016710057GE_BSU181216s||||||||xx |||||||||||||| ||und|| cGE_BSU aLe Point №2172.1 mai 2014. cEditorial Franz-Oliver Giesbert aParis c2014 a98p.27cm. aLe Point